000 00540nam a22001817a 4500
999 _c187978
_d187978
005 20220506121804.0
010 _aENG-132540
020 _a9789381854037
_c495.00
035 _aEN-116072
037 _bDBAD/PUB
082 _a070.190941
100 _aKumar, Dibyanshu
245 _aBroadcast Journalism/
_cDibyanshu Kumar
260 _aDelhi
_bAcient Publication
_c2011
270 _aN-66-67, 2nd Floor, Naveen Shahadara
_bDelhi
_e110032
300 _avii, 238p.
_bIndex
_c22cm(hbk)
942 _2ddc
_cEN
_h070.190941
_mDIB